000 00645cam a2200253 4500
008 090401t1998 xxu||||| |||| 00| 0 eng d
020 _a1860812503
035 _a(Sirsi) u92059
041 _aeng
050 _a628.13
100 _aShouler, M.C.
245 _aWater conservation.
260 _aLondon
_bConstruction Research Communications Ltd
_c1998
300 _a6p. ; 30cm.
350 _a0
490 _aBRE Information Paper
_vIP 15/98
650 _aWATER CONSERVATION
690 _aWATER
700 _aGriggs, J. C.
700 _aHall, J.
710 _aBuilding Research Establishment
942 _n0
948 _c15/03/1999
999 _c97713
_d97713